Devalvácia niektoré problémy zdanlivo rieši, spúšťa však lavínu ďalších problémov

Devalvácia roztáča infláciu a ďalšie devalvácie. Problémy treba riešiť fiškálnou reštrikciou vlády so súbežnou reštrikciou menovej politiky centrálnej banky. To sa však nezaobíde bez zvýšenia úrokových sadzieb. Jediným dlhodobým efektom devalvácie sú vyššie ceny. Nevyhnutnosť koordinácie rozpočtovej...

Descripción completa

Guardado en:
Detalles Bibliográficos
Autor principal: Ševčovic, Peter
Formato: Libro
Lenguaje:eslovaco
Materias:
Etiquetas: Agregar Etiqueta
Sin Etiquetas, Sea el primero en etiquetar este registro!

MARC

LEADER 00000nam a2200000 4500
001 r030246
005 20230921083424.9
041 0 |a slo 
044 |a SK 
245 1 0 |a Devalvácia niektoré problémy zdanlivo rieši, spúšťa však lavínu ďalších problémov  |c Peter Ševčovic 
520 |a Devalvácia roztáča infláciu a ďalšie devalvácie. Problémy treba riešiť fiškálnou reštrikciou vlády so súbežnou reštrikciou menovej politiky centrálnej banky. To sa však nezaobíde bez zvýšenia úrokových sadzieb. Jediným dlhodobým efektom devalvácie sú vyššie ceny. Nevyhnutnosť koordinácie rozpočtovej a menovej politiky. Poučenie zo skúseností Mexika, Thajska a Indonézie. 
610 2 0 |a devalvácia 
610 2 0 |a inflácia 
610 2 0 |a príjmy rozpočtu štátneho 
610 2 0 |a výdavky rozpočtu štátneho 
610 2 0 |a politika menová 
610 2 0 |a politika rozpočtová 
610 2 0 |a banky 
610 2 0 |a sadzby úrokové 
610 2 0 |a Slovensko 
610 2 0 |a vláda 
100 1 |a Ševčovic, Peter